[Event "Manchester op"]
[Site "Bolton"]
[Date "2023.08.20"]
[Round "5"]
[White "Lambert, Adrien"]
[Black "Arora, Tashika"]
[Result "1-0"]
[WhiteElo "2114"]
[BlackElo "1836"]
[PlyCount "89"]
[EventDate "2023.08.18"]
[EventType "swiss"]
[EventRounds "5"]
[EventCountry "ENG"]
[SourceTitle "CBM 215 Extra"]
[Source "ChessBase"]
[SourceDate "2023.09.30"]
[SourceVersion "1"]
[SourceVersionDate "2023.09.30"]
[SourceQuality "1"]

1. e4 e5 2. Nc3 Nc6 3. g3 Nf6 4. Bg2 Bc5 5. Nge2 a6 6. d3 h6 7. 0-0 0-0 8. h3 d6 9. Kh2 Nh7 10. f4 exf4 11. Nxf4 Ng5 12. Ncd5 Nd4 13. c3 Nde6 14. d4 Ba7 15. Nh5 c6 16. Ndf6+ Kh8 17. h4 Nh7 18. Nxh7 Kxh7 19. d5 Nc7 20. Nxg7 Rg8 21. Nf5 Bxf5 22. Rxf5 Qe7 23. Qf3 Raf8 24. Bxh6 f6 25. Bxf8 Rxf8 26. Rh5+ Kg8 27. Rh6 Rf7 28. Rf1 cxd5 29. Qh5 Rh7 30. Rxh7 Qxh7 31. Qxh7+ Kxh7 32. Rxf6 Kg8 33. Rxd6 Kf8 34. Rd7 Bb6 35. exd5 Ke8 36. Bh3 Nb5 37. a4 Nc7 38. h5 Kf8 39. Be6 Nxe6 40. dxe6 Be3 41. Rxb7 Ke8 42. Kh3 a5 43. Kg4 Kf8 44. Kf5 Ke8 45. Kf6 1-0

[Event "Manchester op"]
[Site "Bolton"]
[Date "2023.08.20"]
[Round "4"]
[White "Sajanani, Vikas"]
[Black "Lambert, Adrien"]
[Result "1/2-1/2"]
[WhiteElo "1737"]
[BlackElo "2114"]
[PlyCount "70"]
[EventDate "2023.08.18"]
[EventType "swiss"]
[EventRounds "5"]
[EventCountry "ENG"]
[SourceTitle "CBM 215 Extra"]
[Source "ChessBase"]
[SourceDate "2023.09.30"]
[SourceVersion "1"]
[SourceVersionDate "2023.09.30"]
[SourceQuality "1"]

1. e4 d6 2. d4 Nf6 3. Nc3 g6 4. f4 Bg7 5. Nf3 c5 6. Bb5+ Bd7 7. e5 Ng4 8. Bxd7+ Qxd7 9. d5 dxe5 10. h3 e4 11. hxg4 exf3 12. Qxf3 Na6 13. Bd2 0-0-0 14. 0-0-0 f5 15. gxf5 gxf5 16. Be1 Nc7 17. Bf2 Qd6 18. Ne2 Nxd5 19. Qa3 Qb6 20. Qxc5+ Qxc5 21. Bxc5 b6 22. Bf2 e5 23. fxe5 Bxe5 24. Bd4 Bxd4 25. Rxd4 Ne3 26. Rxd8+ Rxd8 27. Nf4 Rd7 28. b3 Rg7 29. Rh3 Nxg2 30. Nxg2 Rxg2 31. Rxh7 a6 32. Rf7 Rf2 33. Kd1 f4 34. a4 f3 35. Ke1 Rxc2 1/2-1/2

[Event "Manchester op"]
[Site "Bolton"]
[Date "2023.08.19"]
[Round "2"]
[White "Jackson, Edward"]
[Black "Lambert, Adrien"]
[Result "1-0"]
[WhiteElo "1942"]
[BlackElo "2114"]
[PlyCount "65"]
[EventDate "2023.08.18"]
[EventType "swiss"]
[EventRounds "5"]
[EventCountry "ENG"]
[SourceTitle "CBM 215 Extra"]
[Source "ChessBase"]
[SourceDate "2023.09.30"]
[SourceVersion "1"]
[SourceVersionDate "2023.09.30"]
[SourceQuality "1"]

1. e4 d6 2. d4 Nf6 3. Nc3 g6 4. Nf3 Bg7 5. Be2 0-0 6. h3 a6 7. a4 b6 8. 0-0 Bb7 9. Bd3 Nc6 10. Re1 e5 11. dxe5 dxe5 12. Bg5 Qd6 13. Bc4 Qb4 14. Bb3 Nd4 15. Nxd4 Qxd4 16. Qf3 Qd6 17. Rad1 Qe7 18. Nd5 Bxd5 19. Rxd5 c6 20. Rd3 Rad8 21. Red1 h6 22. Bh4 Rfe8 23. Bxf6 Rxd3 24. Qxd3 Bxf6 25. Qxa6 Qc5 26. Rd7 Be7 27. Qd3 Qb4 28. g3 Kg7 29. Kg2 h5 30. h4 Qc5 31. Qc4 Qxc4 32. Bxc4 Kf8 33. Rb7 1-0

[Event "FRA-ch Blitz Online Qual"]
[Site "Europe Echecs INT"]
[Date "2020.05.16"]
[Round "8"]
[White "Lambert, Adrien"]
[Black "Jolly, Jean Francois"]
[Result "0-1"]
[WhiteElo "2123"]
[BlackElo "2378"]
[PlyCount "42"]
[EventDate "2020.05.16"]
[EventType "swiss (blitz)"]
[EventRounds "15"]
[EventCountry "FRA"]
[SourceTitle "CBM 196 Extra"]
[Source "ChessBase"]
[SourceDate "2020.07.31"]
[SourceVersion "1"]
[SourceVersionDate "2020.07.31"]
[SourceQuality "1"]

1. e4 e5 2. f4 exf4 3. Nf3 Nf6 4. e5 Nh5 5. Be2 g6 6. 0-0 Bg7 7. d4 d6 8. Nc3 0-0 9. Ne4 Nc6 10. exd6 cxd6 11. c3 Re8 12. Neg5 h6 13. Nh3 Bxh3 14. gxh3 g5 15. Kh1 Nf6 16. Rg1 Ne4 17. Qf1 Ne7 18. h4 Nf5 19. hxg5 hxg5 20. Bd3 f6 21. h4 Nfg3+ 0-1

[Event "FRA-ch Blitz Online Qual"]
[Site "Europe Echecs INT"]
[Date "2020.05.16"]
[Round "13"]
[White "Louistisserand, Patrick"]
[Black "Lambert, Adrien"]
[Result "1-0"]
[WhiteElo "2245"]
[BlackElo "2123"]
[PlyCount "59"]
[EventDate "2020.05.16"]
[EventType "swiss (blitz)"]
[EventRounds "15"]
[EventCountry "FRA"]
[SourceTitle "CBM 196 Extra"]
[Source "ChessBase"]
[SourceDate "2020.07.31"]
[SourceVersion "1"]
[SourceVersionDate "2020.07.31"]
[SourceQuality "1"]

1. d4 g6 2. c4 Bg7 3. e4 d6 4. Ne2 e5 5. d5 f5 6. f3 Nf6 7. Nbc3 0-0 8. Be3 Nbd7 9. exf5 gxf5 10. Qd2 Nc5 11. 0-0-0 e4 12. Nd4 a5 13. Be2 Qe7 14. f4 Bd7 15. h3 c6 16. g4 cxd5 17. gxf5 Rae8 18. Rhg1 Kh8 19. cxd5 Rc8 20. Kb1 Bh6 21. Ne6 Nxe6 22. dxe6 Bc6 23. Qxd6 Qxd6 24. Rxd6 Rfd8 25. Bd4 Bg7 26. Rxd8+ Rxd8 27. Be5 Re8 28. Bb5 Nh5 29. Bxc6 bxc6 30. Nxe4 1-0

[Event "FRA-chT4 1516"]
[Site "Champagne Ardenne"]
[Date "2016.03.13"]
[Round "6"]
[White "Lambert, Adrien"]
[Black "Szezespanski, Herve"]
[Result "0-1"]
[WhiteElo "1627"]
[BlackElo "1399"]
[PlyCount "74"]
[EventDate "2015.12.06"]
[EventType "team-tourn"]
[EventRounds "7"]
[EventCountry "FRA"]
[SourceTitle "EXT 2024"]
[Source "ChessBase"]
[SourceDate "2023.10.10"]
[SourceVersion "1"]
[SourceVersionDate "2023.10.10"]
[SourceQuality "1"]

1. c4 e5 2. Nc3 Nf6 3. d3 d6 4. g3 Be6 5. Bg2 g6 6. Bxb7 Nbd7 7. Bxa8 Qxa8 8. Nf3 Bg7 9. 0-0 0-0 10. Ng5 Nc5 11. Nxe6 Nxe6 12. Be3 Ng4 13. Qc1 f5 14. h3 Nxe3 15. Qxe3 f4 16. Qe4 c6 17. h4 g5 18. Qg2 gxh4 19. gxh4 Qd8 20. Qg4 Rf6 21. h5 Rh6 22. Ne4 Kh8 23. b4 Bf8 24. c5 d5 25. Nd6 Bxd6 26. cxd6 Qxd6 27. Rac1 Qd7 28. Rc2 Qe8 29. f3 Rxh5 30. Kf2 Nd4 31. Rg1 Rh2+ 32. Kf1 Qf8 33. Rb2 Nf5 34. b5 Ne3+ 35. Ke1 Nxg4 36. Rxg4 Qc5 37. bxc6 Qc1# 0-1

[Event "Vandoeuvre op"]
[Site "Vandoeuvre"]
[Date "2004.??.??"]
[Round "8"]
[White "Monsieux, Cyril"]
[Black "Lambert, Adrien"]
[Result "1-0"]
[WhiteElo "2187"]
[BlackElo "2062"]
[PlyCount "61"]
[EventDate "2004.12.26"]
[EventType "swiss"]
[EventRounds "9"]
[EventCountry "FRA"]
[SourceTitle "CBM 104 Extra"]
[Source "ChessBase"]
[SourceDate "2005.03.01"]
[SourceVersion "1"]
[SourceVersionDate "2005.03.01"]
[SourceQuality "1"]

1. e4 d6 2. d4 Nf6 3. Nc3 g6 4. Nge2 Bg7 5. g3 0-0 6. Bg2 a5 7. 0-0 Na6 8. h3 Rb8 9. a4 c6 10. Be3 b5 11. axb5 cxb5 12. g4 Nd7 13. Ng3 a4 14. Qc1 Re8 15. Nb1 Nb6 16. Nd2 Bd7 17. f4 Qc8 18. c3 Nc4 19. Nxc4 bxc4 20. f5 Nc7 21. Rf2 Qa6 22. Bh6 Rf8 23. Qf4 e5 24. Qd2 f6 25. dxe5 fxe5 26. Bxg7 Kxg7 27. Raf1 Qb6 28. Kh2 Ne8 29. g5 Rb7 30. Qe2 Qc7 31. fxg6 1-0

[Event "FRA-chT4 0304"]
[Site "Champagne Ardenne"]
[Date "2003.12.07"]
[Round "3"]
[White "Lambert, Adrien"]
[Black "Meunier, Samuel"]
[Result "1/2-1/2"]
[WhiteElo "2010"]
[BlackElo "1960"]
[PlyCount "121"]
[EventDate "2003.10.??"]
[EventRounds "6"]
[EventCountry "FRA"]
[SourceTitle "EXT 2005"]
[Source "ChessBase"]
[SourceDate "2004.11.15"]
[SourceVersion "1"]
[SourceVersionDate "2004.11.15"]
[SourceQuality "1"]

1. e4 c5 2. Nf3 Nc6 3. c3 Nf6 4. e5 Nd5 5. Bc4 Nb6 6. Be2 d6 7. exd6 Qxd6 8. 0-0 e5 9. Re1 Be7 10. d3 0-0 11. Na3 Bf5 12. Be3 Rfd8 13. Nc4 Nxc4 14. dxc4 Qc7 15. Nd2 Be6 16. Bf1 f5 17. f3 b6 18. Qe2 Bf6 19. g4 Bh4 20. Red1 g6 21. Bg2 Rd7 22. f4 fxg4 23. fxe5 Rad8 24. Bxc6 Qxc6 25. b3 Rd3 26. Nf1 Qd7 27. Rxd3 Qxd3 28. Qxd3 Rxd3 29. Rc1 Kf7 30. Bf2 Bd8 31. a4 Bg5 32. Rc2 Bf4 33. b4 cxb4 34. cxb4 Bxe5 35. c5 bxc5 36. bxc5 Rc3 37. Re2 Bc7 38. Rb2 Rb3 39. Rd2 Ba5 40. Rd4 Rb4 41. Rd6 Bc8 42. Ne3 Rxa4 43. Nd5 Ra1+ 44. Kg2 Bf5 45. Rf6+ Ke8 46. Kg3 h5 47. Ra6 Bc3 48. Rxa1 Bxa1 49. Kf4 Kd7 50. Ne3 Bd3 51. Nd5 a5 52. Be1 Kc6 53. Ne7+ Kxc5 54. Bxa5 Kd6 55. Bb4+ Ke6 56. Ke3 Bf5 57. Nc6 Be5 58. Nxe5 Kxe5 59. Bc3+ Kd5 60. Kf4 Kc4 61. Be1 1/2-1/2

[Event "Reims ligue excellence"]
[Site "Reims"]
[Date "2003.06.08"]
[Round "3"]
[White "Lambert, Adrien"]
[Black "Picard, Serge"]
[Result "1/2-1/2"]
[WhiteElo "2020"]
[BlackElo "1990"]
[PlyCount "37"]
[EventDate "2003.06.??"]
[EventType "swiss"]
[EventRounds "6"]
[EventCountry "FRA"]
[SourceTitle "EXT 2005"]
[Source "ChessBase"]
[SourceDate "2004.11.15"]
[SourceVersion "1"]
[SourceVersionDate "2004.11.15"]
[SourceQuality "1"]

1. e4 e5 2. f4 Qh4+ 3. g3 Qe7 4. fxe5 d6 5. exd6 Qxe4+ 6. Qe2 Qxe2+ 7. Nxe2 Bxd6 8. Bg2 c6 9. 0-0 Nf6 10. d4 Bg4 11. c4 0-0 12. Nbc3 Re8 13. Rf2 Nbd7 14. Bf4 Bxf4 15. Nxf4 Nf8 16. d5 cxd5 17. Nfxd5 Nxd5 18. Bxd5 Re7 19. Kg2 1/2-1/2

[Event "Reims ligue excellence"]
[Site "Reims"]
[Date "2003.06.07"]
[Round "2"]
[White "Lambert, Adrien"]
[Black "Jeannette, Venceslas"]
[Result "1/2-1/2"]
[WhiteElo "2020"]
[BlackElo "2000"]
[PlyCount "34"]
[EventDate "2003.06.??"]
[EventType "swiss"]
[EventRounds "6"]
[EventCountry "FRA"]
[SourceTitle "EXT 2005"]
[Source "ChessBase"]
[SourceDate "2004.11.15"]
[SourceVersion "1"]
[SourceVersionDate "2004.11.15"]
[SourceQuality "1"]

1. e4 c5 2. Nf3 Nc6 3. c3 d5 4. exd5 Qxd5 5. d4 e5 6. Be2 cxd4 7. cxd4 Bb4+ 8. Nc3 Nge7 9. 0-0 Qa5 10. dxe5 0-0 11. Ne4 Ng6 12. Be3 Rd8 13. Qc2 Ncxe5 14. a3 Be7 15. Nxe5 Qxe5 16. Ng3 Be6 17. Rad1 b6 1/2-1/2

[Event "FRA-chT4 0203"]
[Site "Champagne Ardenne"]
[Date "2003.03.16"]
[Round "6"]
[White "Adrian, Pascal"]
[Black "Lambert, Adrien"]
[Result "0-1"]
[WhiteElo "2010"]
[BlackElo "1980"]
[PlyCount "148"]
[EventDate "2002.10.02"]
[EventType "team-tourn"]
[EventRounds "7"]
[EventCountry "FRA"]
[SourceTitle "EXT 2005"]
[Source "ChessBase"]
[SourceDate "2004.11.15"]
[SourceVersion "1"]
[SourceVersionDate "2004.11.15"]
[SourceQuality "1"]

1. e4 d6 2. d4 Nf6 3. Nc3 g6 4. Be2 c6 5. a3 b5 6. d5 a6 7. dxc6 Nxc6 8. h4 h5 9. Nf3 Bg4 10. Ng5 Bxe2 11. Kxe2 Bg7 12. Rh3 0-0 13. Bf4 b4 14. axb4 Qb6 15. b5 Nd4+ 16. Kf1 Nxb5 17. Na4 Qc6 18. Qd3 Rac8 19. c3 Nd7 20. Qd5 Qxd5 21. exd5 Rc4 22. Bd2 Rcc8 23. Re1 Rfe8 24. Rhe3 Bf6 25. g3 Nc7 26. c4 Rb8 27. Ba5 Na8 28. Ne4 Kf8 29. Nxf6 Nxf6 30. f3 Rb7 31. R1e2 Rc8 32. b3 Rcb8 33. b4 Rc8 34. Nb2 Nb6 35. Bxb6 Rxb6 36. Rxe7 Rxb4 37. Ra7 Re8 38. Rxe8+ Nxe8 39. Nd3 Rxc4 40. Rxa6 Rd4 41. Nf4 Ke7 42. Ra7+ Kf6 43. Rd7 Rc4 44. Ke2 Rc7 45. Rd8 Ke7 46. Ra8 Nf6 47. Kd3 Nd7 48. Ra3 Ne5+ 49. Ke2 Rc2+ 50. Kf1 Kf6 51. Re3 Nc4 52. Re2 Rxe2 53. Kxe2 Ke5 54. Kd3 Nb6 55. Nh3 Kxd5 56. g4 hxg4 57. fxg4 Nd7 58. h5 Ne5+ 59. Ke2 Nxg4 60. hxg6 fxg6 61. Nf4+ Ke4 62. Nxg6 d5 63. Ne7 d4 64. Nc6 d3+ 65. Kd2 Nh2 66. Nb4 Nf1+ 67. Kd1 d2 68. Ke2 Kd4 69. Kd1 Kc4 70. Nd3 Kc3 71. Nf2 Ng3 72. Ng4 Ne4 73. Ne3 Kd3 74. Ng4 Nc3# 0-1

[Event "FRA-chT4 0102"]
[Site "Champagne Ardenne"]
[Date "2002.03.10"]
[Round "6"]
[White "Lambert, Adrien"]
[Black "Truchot, Rene"]
[Result "1-0"]
[WhiteElo "1940"]
[BlackElo "1800"]
[PlyCount "57"]
[EventDate "2002.10.??"]
[EventType "team-tourn"]
[EventRounds "7"]
[EventCountry "FRA"]
[SourceTitle "EXT 2005"]
[Source "ChessBase"]
[SourceDate "2004.11.15"]
[SourceVersion "1"]
[SourceVersionDate "2004.11.15"]
[SourceQuality "1"]

1. e4 e6 2. d4 d5 3. Nd2 Nf6 4. e5 Nfd7 5. f4 c5 6. c3 b6 7. Bd3 Ba6 8. Bb1 Nc6 9. Ndf3 h6 10. a3 cxd4 11. cxd4 Be7 12. Nh3 Qc7 13. Bd2 b5 14. 0-0 Qb6 15. Be3 b4 16. Re1 bxa3 17. bxa3 Na5 18. f5 Nc4 19. fxe6 Qxe6 20. Nf4 Qc6 21. e6 fxe6 22. Bg6+ Kd8 23. Bf2 Nf8 24. Bf7 Kd7 25. Rc1 Bxa3 26. Rxc4 Qd6 27. Qa4+ Ke7 28. Rc7+ Qxc7 29. Nxd5+ 1-0

[Event "FRA-chT4 0102"]
[Site "Champagne Ardenne"]
[Date "2001.10.14"]
[Round "1"]
[White "Boillon, Vincent"]
[Black "Lambert, Adrien"]
[Result "1-0"]
[WhiteElo "2095"]
[BlackElo "1970"]
[PlyCount "85"]
[EventDate "2002.10.??"]
[EventType "team-tourn"]
[EventRounds "7"]
[EventCountry "FRA"]
[SourceTitle "EXT 2005"]
[Source "ChessBase"]
[SourceDate "2004.11.15"]
[SourceVersion "1"]
[SourceVersionDate "2004.11.15"]
[SourceQuality "1"]

1. d4 g6 2. c4 f5 3. Nc3 Nf6 4. e4 d6 5. Bd3 Nc6 6. exf5 Bxf5 7. Bxf5 gxf5 8. Bg5 Qd7 9. d5 Ne5 10. Nf3 0-0-0 11. Nd4 Rg8 12. Ne6 Nf7 13. Bxf6 exf6 14. Nb5 Re8 15. 0-0 Ng5 16. Nbxc7 Re7 17. Nxg5 fxg5 18. Nb5 a6 19. Nd4 Bg7 20. Qd3 Bxd4 21. Qxd4 Kb8 22. Rac1 Re5 23. c5 Rge8 24. c6 Qc7 25. Qd2 b6 26. Rce1 h6 27. Rxe5 Rxe5 28. Qd3 Qc8 29. b4 Kc7 30. a4 Re4 31. a5 b5 32. Qc3 Qf8 33. f3 Re5 34. Qd4 Qb8 35. Rc1 Re7 36. h4 Re5 37. f4 gxf4 38. Qxf4 Qd8 39. Qf2 Qb8 40. Qd2 Qe8 41. Rf1 Qg6 42. Qf2 Kc8 43. Qa7 1-0

[Event "FRA-chT4 0001"]
[Site "Champagne Ardenne"]
[Date "2001.03.11"]
[Round "6"]
[White "Lassalle, Arnaud"]
[Black "Lambert, Adrien"]
[Result "1-0"]
[WhiteElo "1970"]
[BlackElo "1950"]
[PlyCount "47"]
[EventDate "2001.10.??"]
[EventType "team-tourn"]
[EventRounds "7"]
[EventCountry "FRA"]
[SourceTitle "EXT 2005"]
[Source "ChessBase"]
[SourceDate "2004.11.15"]
[SourceVersion "1"]
[SourceVersionDate "2004.11.15"]
[SourceQuality "1"]

1. e4 d6 2. d4 Nf6 3. Nc3 g6 4. Bg5 c6 5. f4 Bg7 6. Qd2 b5 7. Bd3 h6 8. Bh4 a6 9. Nf3 Qa5 10. 0-0 Qc7 11. e5 Nd5 12. Ne4 0-0 13. b3 Nb6 14. exd6 exd6 15. Nf6+ Kh8 16. Rae1 Bd7 17. f5 Nd5 18. Nxd5 cxd5 19. f6 Nc6 20. fxg7+ Kxg7 21. Qf4 f5 22. Be7 Rf7 23. Bxd6 Qd8 24. Ne5 1-0

[Event "FRA-chT4 0001"]
[Site "Champagne Ardenne"]
[Date "2000.10.15"]
[Round "1"]
[White "Delmont, Jean Robert"]
[Black "Lambert, Adrien"]
[Result "1-0"]
[WhiteElo "2024"]
[BlackElo "2000"]
[PlyCount "57"]
[EventDate "2001.10.??"]
[EventType "team-tourn"]
[EventRounds "7"]
[EventCountry "FRA"]
[SourceTitle "EXT 2005"]
[Source "ChessBase"]
[SourceDate "2004.11.15"]
[SourceVersion "1"]
[SourceVersionDate "2004.11.15"]
[SourceQuality "1"]

1. d4 c5 2. d5 Nf6 3. c4 b5 4. cxb5 a6 5. Nc3 axb5 6. e4 b4 7. Nb5 d6 8. Bf4 g5 9. Bxg5 Nxe4 10. Bf4 Bg7 11. Qe2 Nf6 12. Nxd6+ Kf8 13. Nxc8 Qxc8 14. d6 exd6 15. Bxd6+ Kg8 16. Nf3 Nbd7 17. Qc4 Qe8+ 18. Be2 Ne4 19. 0-0-0 Nxf2 20. Rhe1 Nb6 21. Qb3 Nxd1 22. Bxd1 Qb5 23. Re7 c4 24. Qe3 Qd5 25. Re8+ Bf8 26. Bxf8 Rxe8 27. Qxe8 Qd7 28. Qe5 h6 29. Qg7# 1-0